Das Böse: woher es kommt und wofür es gut ist

Saved in:  
Bibliographic Details
Main Author: Eder, Anselm 1947- (Author)
Format: Print Book
Language:German
Subito Delivery Service: Order now.
Check availability: HBZ Gateway
WorldCat: WorldCat
Interlibrary Loan:Interlibrary Loan for the Fachinformationsdienste (Specialized Information Services in Germany)
Published: Wien-Klosterneuburg Ed. Va Bene 1999
In:Year: 1999
Series/Journal:Eine Analyse
Standardized Subjects / Keyword chains:B Evil
Further subjects:B Collection of essays
B Good and evil

MARC

LEADER 00000cam a2200000 c 4500
001 303296968
003 DE-627
005 20240329020209.0
007 tu
008 991005s1999 au ||||| 00| ||ger c
015 |a 99,N42,0028  |2 dnb 
015 |a 01,A04,0250  |2 dnb 
016 7 |a 956398375  |2 DE-101 
020 |a 385167068X  |c  : DM 41.00, S 298.00, sfr 38.00 (Efal.)  |9 3-85167-068-X 
035 |a (DE-627)303296968 
035 |a (DE-576)083650946 
035 |a (DE-599)GBV303296968 
035 |a (OCoLC)695029363 
035 |a (OCoLC)49342705 
040 |a DE-627  |b ger  |c DE-627  |e rakwb 
041 |a ger 
044 |c XA-AT 
050 0 |a BJ1403 
084 |a 10  |a 11  |a 14  |2 sdnb 
084 |a BK 2155  |2 rvk  |0 (DE-625)rvk/11864: 
084 |a CC 7250  |2 rvk  |0 (DE-625)rvk/17675: 
084 |a CC 8500  |2 rvk  |0 (DE-625)rvk/17709: 
084 |a 08.44  |2 bkl 
084 |a 08.32  |2 bkl 
100 1 |0 (DE-588)122554728  |0 (DE-627)082014191  |0 (DE-576)293321256  |4 aut  |a Eder, Anselm  |d 1947- 
109 |a Eder, Anselm 1947- 
245 1 4 |a Das Böse  |b woher es kommt und wofür es gut ist  |c Anselm Eder 
263 |a Efal. : DM 41.00, S 298.00, sfr 38.00 
264 1 |a Wien-Klosterneuburg  |b Ed. Va Bene  |c 1999 
300 |a 211 S  |c 21 cm 
336 |a Text  |b txt  |2 rdacontent 
337 |a ohne Hilfsmittel zu benutzen  |b n  |2 rdamedia 
338 |a Band  |b nc  |2 rdacarrier 
490 0 |a Eine Analyse 
500 |a Literaturverz. S. 211 - [212] 
583 1 |a Archivierung prüfen  |c 20240324  |f DE-4165  |z 1  |2 pdager 
650 0 |a Good and evil 
655 7 |a Aufsatzsammlung  |0 (DE-588)4143413-4  |0 (DE-627)105605727  |0 (DE-576)209726091  |2 gnd-content 
689 0 0 |d s  |0 (DE-588)4007524-2  |0 (DE-627)104162554  |0 (DE-576)208870830  |2 gnd  |a Das Böse 
689 0 |5 DE-101 
689 1 0 |d s  |0 (DE-588)4007524-2  |0 (DE-627)104162554  |0 (DE-576)208870830  |2 gnd  |a Das Böse 
689 1 |5 (DE-627) 
935 |a mteo 
935 |i Blocktest 
936 r v |a BK 2155  |b Das Böse, Satan, Dämonen  |k Theologie und Religionswissenschaften  |k Theologische Ethik/Moraltheologie  |k Allgemeine Moraltheologie/Ethische Grundbegriffe  |k Das Böse, Satan, Dämonen  |0 (DE-627)1270653261  |0 (DE-625)rvk/11864:  |0 (DE-576)200653261 
936 r v |a CC 7250  |b Wertphilosophie, Sinnfrage  |k Philosophie  |k Systematische Philosophie  |k Ethik  |k Wertphilosophie, Sinnfrage  |0 (DE-627)1270639102  |0 (DE-625)rvk/17675:  |0 (DE-576)200639102 
936 r v |a CC 8500  |b Abhandlungen  |k Philosophie  |k Systematische Philosophie  |k Religionsphilosophie  |k Abhandlungen  |0 (DE-627)1270639315  |0 (DE-625)rvk/17709:  |0 (DE-576)200639315 
936 b k |a 08.44  |j Sozialphilosophie  |0 (DE-627)106402676 
936 b k |a 08.32  |j Erkenntnistheorie  |0 (DE-627)106415263 
951 |a BO 
ACO |a 1 
ELC |b 1 
ORI |a SA-MARC-ixtheo_oa001.raw 
STA 0 0 |a Evil,Evil 
STB 0 0 |a Le mal 
STC 0 0 |a El malo 
STD 0 0 |a Il male 
STE 0 0 |a 罪恶,恶,邪恶,罪恶,恶,邪恶 
STF 0 0 |a 罪惡,惡,邪惡,罪惡,惡,邪惡 
STG 0 0 |a O mal 
STH 0 0 |a Зло 
STI 0 0 |a Το Κακό 
SYG 0 0 |a Das Böse , Das Böse